| 000 | 00404nam a2200133Ia 4500 | ||
|---|---|---|---|
| 008 | 220217s9999||||xx |||||||||||||| ||und|| | ||
| 020 | _a0-521-77698-8 | ||
| 082 | _a004.638 4 MAY | ||
| 100 |
_aMay, Paul _91245 |
||
| 245 | 0 | _aBusinessn of ecommerce: from corporate stratagy to technolog | |
| 260 |
_aCambridge univercity press _bUnited Kingdom _c2000 |
||
| 300 | _b250 | ||
| 650 | _aCOMPUTER NETWORK | ||
| 999 |
_c166133 _d166133 |
||